MLB The Show Covers (06-19) - Statistics

General Stats
  • This quiz has been taken 1,266 times
    1,165 since last reset
  • The average score is 9 of 15
Answer Stats
Game Position Player Name % Correct
MLB The Show '19 RF Bryce Harper
86%
MLB The Show '18 RF Aaron Judge
84%
MLB The Show '20 SS Javier Baez
81%
MLB The Show '06 1B/DH David Ortiz
77%
MLB The Show '17 CF Ken Griffey Jr.
73%
MLB The Show '16 3B Josh Donaldson
72%
MLB The Show '10 C Joe Mauer
69%
MLB The Show '11 C Joe Mauer
69%
MLB The Show '14 1B/3B Miguel Cabrera
64%
MLB The Show '15 RF Yasiel Puig
52%
MLB The Show '13 OF Andrew McCutchen
51%
MLB The Show '08 1B Ryan Howard
50%
MLB The Show '09 2B Dustin Pedroia
45%
MLB The Show '07 3B David Wright
41%
MLB The Show '12 1B Adrian Gonzalez
32%
No matching quizzes found
Score Distribution
Percent of People with Each Score
Percentile by Number Answered
Your Score History
You have not taken this quiz since the last reset